000 00686cam a22002412 4500
001 16085
003 BD-RjUL
005 20211208235941.0
008 140211s1959 nyu 001 0 eng
035 _a(BD-RjUL)16140
040 _aDLC
_cORZ
_dBD-RjUL
_beng
041 _aeng
082 0 0 _a658.3
_bTAP 1959
100 1 _aTaylor, James Henry,
_d1908-
_949795
245 1 0 _aPersonnel administration :
_bevaluation and executive control /
_cJames Henry Taylor.
260 _aNew York :
_bMcGraw-Hill,
_cc1959.
300 _a326 p. ;
_c24 cm.
500 _aIncludes index.
650 0 _aPersonnel management.
_949796
942 _2ddc
_cBK
999 _c16085
_d16085